| 000 | 01554cam a2200361 a 4500 | ||
|---|---|---|---|
| 001 | 674949 | ||
| 003 | ARRUPE | ||
| 005 | 20131105170556.0 | ||
| 008 | 951025s1995 mou b 000 0 eng | ||
| 010 | _a 95080588 | ||
| 020 | _a188081014X | ||
| 040 |
_aDLC _cDLC _dDLC |
||
| 050 | 0 | 0 |
_aBT100.I35 _bT66 1995 |
| 082 | 0 | 0 |
_a248.2 _221 |
| 100 | 1 |
_aToner, Jules J. _93284 |
|
| 245 | 1 | 0 |
_aWhat is your will, O God? : _ba casebook for studying discernment of God's will / _cJules J. Toner. |
| 260 |
_aSaint Louis, MO : _bInstitute of Jesuit Sources, _c1995. |
||
| 300 |
_a110 p. ; _c23 cm. |
||
| 440 | 0 |
_aSeries 4--Original studies, composed in English ; _vno. 12 _93285 |
|
| 500 | _aCompanion to author's Discerning God's will. | ||
| 504 | _aIncludes bibliographical references. | ||
| 600 | 1 | 0 |
_aToner, Jules J. _tDiscerning God's will. _93286 |
| 600 | 0 | 0 |
_aIgnatius, _cof Loyola, Saint, _d1491-1556. _93287 |
| 610 | 2 | 0 |
_aCatholic Church _xDoctrines _vCase studies. _93288 |
| 650 | 0 |
_aGod (Christianity) _xWill _vCase studies. _93289 |
|
| 650 | 0 |
_aDecision making _xReligious aspects _xCatholic Church _vCase studies. _93290 |
|
| 650 | 0 |
_aDiscernment (Christian theology) _vCase studies. _93291 |
|
| 650 | 0 |
_aChristian ethics _xCatholic authors _vCase studies. _93292 |
|
| 700 | 1 |
_aToner, Jules J. _tDiscerning God's will. _93293 |
|
| 906 |
_a7 _bcbc _corignew _d2 _eopcn _f19 _gy-gencatlg |
||
| 942 |
_2lcc _cMONOGRAPH |
||
| 999 |
_c118522 _d118522 |
||